| 000 | 00000nam##2200000za#4500 |
| 001 | 9.699244 |
| 003 | CaOODSP |
| 005 | 20210625000307 |
| 007 | cr ||||||||||| |
| 008 | 150407|1993||||xxc|||||o f|0| 0 eng|d |
| 040 | |aCaOODSP|beng |
| 043 | |an-cn--- |
| 086 | 1 |aEn40-445/1993E-PDF |
| 110 | 1 |aCanada. |bEnvironment Canada. |bConservation and Protection. |
| 245 | 10|aManual for conducting water audits and developing water efficiency programs at federal facilities |h[electronic resource] |
| 260 | |aHull - Quebec : |bEnvironment Canada. |c[1993]. |
| 300 | |a47p.|btables |
| 590 | |a14-21-Supp|b2014-12-11 |
| 690 | 07|aFederal departments|2gcpds |
| 690 | 07|aWater conservation|2gcpds |
| 690 | 07|aPublic buildings|2gcpds |
| 775 | 08|tGuide pour la conduite d'une vérification de l'utilisation de l'eau et pour l'élaboration d'un programme de gestion efficace de l'eau dans les établissements fédéraux |w(CaOODSP)9.643220 |
| 856 | 40|ahttp://publications.gc.ca|qPDF|s285 KB|uhttps://publications.gc.ca/collections/collection_2014/ec/En40-445-1993-eng.pdf |